LEADER 01835nlm0 22004931i 450 001 990009243780403321 010 $a9783540744818 035 $a000924378 035 $aFED01000924378 035 $a(Aleph)000924378FED01 035 $a000924378 100 $a20100926d2007----km-y0itay50------ba 101 0 $aeng 102 $aDE 135 $adrnn-008mamaa 200 1 $aHolonic and Multi-Agent Systems for Manufacturing$bRisorsa elettronica$eThird International Conference on Industrial Applications of Holonic and Multi-Agent Systems, HoloMAS 2007, Regensburg, Germany, September 3-5, 2007$fedited by Vladimí 210 $aBerlin ; Heidelberg$cSpringer$d2007 225 1 $aLecture Notes in Computer Science$x0302-9743$v4659 230 $aDocumento elettronico 336 $aTesto 337 $aFormato html, pdf 702 1$aColombo,$bArmando W. 702 1$aMarík,$bVladimír 702 1$aVyatkin,$bValeriy 801 0$aIT$bUNINA$gREICAT$2UNIMARC 856 4 $zFull text per gli utenti Federico II$uhttp://dx.doi.org/10.1007/978-3-540-74481-8 901 $aEB 912 $a990009243780403321 961 $aArtificial intelligence 961 $aArtificial Intelligence (incl. Robotics) 961 $aBusiness Information Systems 961 $aBusiness logistics 961 $aComputer aided design 961 $aComputer Appl. in Administrative Data Processing 961 $aComputer Imaging, Vision, Pattern Recognition and Graphics 961 $aComputer science 961 $aComputer Science 961 $aComputer vision 961 $aComputer-Aided Engineering (CAD, CAE) and Design 961 $aInformation systems 961 $aManagement information systems 961 $aProduction/Logistics 996 $aHolonic and Multi-Agent Systems for Manufacturing$9772586 997 $aUNINA LEADER 03800nam 2200709Ia 450 001 9910973186203321 005 20151119105821.0 010 $a1-78560-324-8 035 $a(CKB)3710000000483988 035 $a(EBL)4339884 035 $a(SSID)ssj0001637358 035 $a(PQKBManifestationID)16395718 035 $a(PQKBTitleCode)TC0001637358 035 $a(PQKBWorkID)14955978 035 $a(PQKB)11532357 035 $a(MiAaPQ)EBC4339884 035 $a(Au-PeEL)EBL4339884 035 $a(CaPaEBR)ebr11146855 035 $a(CaONFJC)MIL834987 035 $a(OCoLC)922698107 035 $a(UtOrBLW)bslw09379603 035 $a(EXLCZ)993710000000483988 100 $a20151119d2015 uy 0 101 0 $aeng 135 $aurun||||||||| 181 $ctxt 182 $cc 183 $acr 200 00$aE-services adoption $eprocesses by firms in developing nations /$fedited by Mohammed Quaddus, Arch G. Woodside 205 $aFirst edition. 210 1$aBingley, England :$cEmerald,$d2015. 210 4$d©2015 215 $a1 online resource (497 p.) 225 1 $aAdvances in business marketing and purchasing,$x1069-0964 ;$v23a 300 $aDescription based upon print version of record. 311 08$a1-78560-325-6 320 $aIncludes bibliographical references at the end of each chapters. 327 $aE-services adoption processes in developing nations : introduction to ABM&P Volume 23A / Arch Woodside, Mohammed Quaddus -- Diffusion of ICT and SME performance / Md Shah Azam -- Toward a comprehensive conceptualisation of digital divide and its impact on e-government system success / Arief Rahmen. 330 $aThis volume serves to recognize the uniqueness of the moment; the number of new users of e-services worldwide will double during 2015-2018 (moving from 2 billion users mostly living in the developed nations to an additional 2 billion users mostly living in developing nations). This radical embrace of new e-service technologies will substantially improve the quality of lives for most residents globally. A profound happening occurring now! The new technologies combine rapidly delivering of a multitude of services at extremely low cost to adopters now having extremely low incomes relative to residents living in developed nations. Adoption of e-service among residents in developing nations ends the debate as to whether or not marketing to the bottom of the pyramid is possible. The more relevant issues focus on describing and explaining e-service adoption processes in developing nations. How are these processes being implemented? What obstacles had to be overcome in achieving these adoptions? How were these obstacles overcome? Read this volume for research providing useful answers to these questions. 410 0$aAdvances in business marketing & purchasing ;$v23a. 606 $aBusiness & Economics$xStrategic Planning$2bisacsh 606 $aComputers$xInformation Technology$2bisacsh 606 $aBusiness strategy$2bicssc 606 $aBusiness & management$2bicssc 606 $aEconomics, finance, business & management$2bicssc 606 $aComputer networks$zDeveloping countries 606 $aInformation technology$zDeveloping countries 615 7$aBusiness & Economics$xStrategic Planning. 615 7$aComputers$xInformation Technology. 615 7$aBusiness strategy. 615 7$aBusiness & management. 615 7$aEconomics, finance, business & management. 615 0$aComputer networks 615 0$aInformation technology 676 $a004.6 701 $aQuaddus$b M. A$01601548 701 $aWoodside$b Arch G$0107304 801 0$bUtOrBLW 906 $aBOOK 912 $a9910973186203321 996 $aE-services adoption$94461669 997 $aUNINA